| 000 | 00797nam a22001817a 4500 | ||
|---|---|---|---|
| 003 | UA-OsUOA | ||
| 001 | 15839 | ||
| 007 | ta | ||
| 008 | 20031209b un ||||| |||| 00| 0 ukr d | ||
| 100 | _aТищенко О. | ||
| 942 | _cSA | ||
| 040 |
_aUA-OsUOA _cUA-OsUOA _dUA-OsUOA |
||
| 245 |
_aЯк і ведеться в сусідів , у спільній історії Польщі та України мають місце і трагічні , й героїчні сторінки _b[Бесіда з проректором Рівнен.ін-ту слов'янознавства , д-ром філологіч. наук , проф. О.Тищенком] |
||
| 300 | _aС.5 | ||
| 955 | _a0 | ||
| 773 | 0 |
_w0 _tСім днів _dРівне _d2003 _g№48/28 листоп./ |
|
| 650 | 7 |
_aІсторія _2UDC |
|
| 999 |
_c302004 _d302004 |
||